=LDR 00000nam 2200000 4500 =001 INLIS000000000020502 =005 20130612115446 =008 ***********************************Ind** =035 ##$$0010-061300000020502 =041 ##$$a Ind =082 ##$$a 633.88 =090 ##$$a 633.88, Har m =100 ##$$a Harmanto, Ning =245 ##$$a Mahkota dewapanglima penakluk kanker, Ning Hermanto ; penyunting, Lukito AM =260 ##$$a 2005 $b Jakarta =300 ##$$a x, 122 hlm, ilus, 23 cm =650 ##$$a Tanaman Obat =850 ##$$a NBPNMAT